1378 1049 1178 1998 1965 1966 1649 1566 1121 1868 1123 1009 1210 1207 1501 1198 1589 1857 1908 1921 1408 1284 1288 1388 1216 1491 1054 1507 1126 1494 1336 1507 1940 1692 1218 1718 1500 1683 1852 1198 1326 1408 1190 1645 1630 1945 1832 1892 1816 1617 1196 1661 1336 1485 1415 1257 1373 1121 1580 1880 1907 1176 1276 1508 1652 1126 1459 1544 1130 1984 1712 1286 1905 1648 1175 1695 1351 1820 1940 1720 1452 1439 1633 1706 1011 1308 1930 1808 1003 1319 1983 1261 1887 1962 1408 1417 1527 1771 1839 BCNSPRNW ULIB Ver.6.0+V

เปลี่ยนเป็นภาษาไทย

Change to English
 แสดงรายละเอียดบรรณานุกรม
  กลับหน้าหลัก

Brief Record : Get Marc (ISO 2709) : E-mail record : QR code < ปิดหน้าต่าง
LEADER : 00000nam 2200000uu 4500
001    13399114458
003     ULIB
008    110405s||||||||th 000 0 tha d
020    9749301706
020    9789749301708
060 04 ^aWB537^bม686ค
110 1  มูลนิธิการแพทย์แผนไทยพัฒนา
245 10 คู่มืออบรมการนวดไทย : แบบเชลยศักดิ์ /^cมูลนิธิการแพทย์แผนไทยพัฒนา
250    พิมพ์ครั้งที่ 3
260    กรุงเทพฯ :^bมูลนิธิการแพทย์แผนไทยพัฒนา,^c2553
300    134 หน้า :^bภาพประกอบสี
650  7 การนวด
650  7 คู่มืออบรม^xการนวดไทย
650  7 เชลยศักดิ์
700 0  เพ็ญนภา ทรัพย์เจริญ,^eบรรณาธิการ
945    ^p200^l0^i031574
945    ^p200^l0^i031575
995    ทศพร
999 ^a ใช้งานได้ทุกระบบ
รายการนี้ยังไม่มีแท็ก
คุณยังไม่ได้ล็อกอิน คุณสามารถมีกิจกรรมร่วมกับเว็บไซต์ได้ แต่ต้องล็อกอินก่อน ::
  ล็อกอิน

รายการสื่อสารสนเทศ

ลำดับที่ ประเภท เลขเรียก/บาร์โค้ด สถานที่ สถานะ
1. วิทยาศาสตร์การแพทย์ และสุขภาพ
หนังสือสำรอง
สถานะ=หนังสือสำรอง
WB537 ม686ค ฉ.1 
  Barcode: 031574
ห้องสมุดวิทยาเขตสวรรค์ประชารักษ์
►ส่วนจัดเก็บหนังสือเก่า สปร
บนชั้น
  ขอยืม
2. วิทยาศาสตร์การแพทย์ และสุขภาพ
วิทยาศาสตร์การแพทย์ และสุขภาพ
WB537 ม686ค ฉ.2 
  Barcode: 031575
ห้องสมุดวิทยาเขตสวรรค์ประชารักษ์
►ส่วนจัดเก็บหนังสือเก่า สปร
บนชั้น
  ขอยืม

รายการใกล้เคียง
    หัวเรื่อง [การนวด]
    หัวเรื่อง [เชลยศักดิ์]

BibComment


ยังไม่เคยถูกคอมเมนท์

คอมเมนท์ทรัพยากรรายการนี้
  คอมเมนท์: คู่มืออบรมการนวดไ..


 Copyright 2026. Bcnsprnw @Library